000 00831nam a2200241Ia 4500
003 OSt
005 20220923222858.0
006 a|||||r|||| 00| 0
007 ta
008 220922b |||||||| |||| 00| 0 hin d
024 _a208,552
037 _cTextual
040 _aARTS
_cARTS
_bhin
041 _2hin
_ahin
082 _aO152,3(Y31):g, M6(EPH)
100 _aजवाहर सिंह
245 0 _aहिन्दी के आचॅलिक उपन्यासो की शिल्प विधि
246 _aHindī ke āchaॅlik upanyāso kī shilpa vidhi
260 _aनई दिल्ली
_b नेशनल पब्लि हा0
_c1986
300 _a309पृ.
_ccm.
942 _hO152,3(Y31):g, M6(EPH)
_cTEXL
_2CC
999 _c359148
_d359148